ভাৰতীয় ৰাজনীতিৰ পৰিচয় / Bharatiya Rajnitir Parichay (Record no. 16382)
[ view plain ]
| 000 -LEADER | |
|---|---|
| fixed length control field | 00697nam a22002297a 4500 |
| 008 - FIXED-LENGTH DATA ELEMENTS--GENERAL INFORMATION | |
| fixed length control field | 260420b |||||||| |||| 00| 0 eng d |
| 020 ## - INTERNATIONAL STANDARD BOOK NUMBER | |
| International Standard Book Number | 9788119679232 |
| Price | 300 |
| 040 ## - CATALOGING SOURCE | |
| Original Cataloguing agency | Sibsagar Commerce College Central Library |
| 041 ## - LANGUAGE CODE | |
| Language code of text/sound track or separate title | Assamese |
| 082 ## - DEWEY DECIMAL CLASSIFICATION NUMBER | |
| Classification number | 320.954 |
| Book Number | GOH |
| 100 ## - MAIN ENTRY--PERSONAL NAME | |
| Personal name | Gohain, N. |
| Fuller form of name | Nabin |
| 245 ## - TITLE STATEMENT | |
| Title | ভাৰতীয় ৰাজনীতিৰ পৰিচয় / Bharatiya Rajnitir Parichay |
| Sub Title | Introduction to Indian Politics |
| 250 ## - EDITION STATEMENT | |
| Edition statement | 3rd Revised Ed. |
| 260 ## - PUBLICATION, DISTRIBUTION, ETC. | |
| Place of publication, distribution, etc. | Jorhat |
| Name of publisher, distributor, etc. | Bidya Bhawan |
| Date of publication, distribution, etc. | 2025 |
| 300 ## - PHYSICAL DESCRIPTION | |
| Pages | 332 p. ; |
| Dimensions | 14 x 22 cm |
| 505 ## - FORMATED CONTENTS NOTE | |
| Formated content notes | NEP<br/>2nd Sem<br/>Minor |
| 650 ## - Subject | |
| Subject | Political Science |
| 700 ## - Added Entry Personal Name | |
| Personal Name | Bora, Pankaj |
| 700 ## - Added Entry Personal Name | |
| Personal Name | Saikia, Pranjit |
| 942 ## - ADDED ENTRY ELEMENTS (KOHA) | |
| Source of classification or shelving scheme | Dewey Decimal Classification |
| Koha item type | Books |
| Withdrawn status | Lost status | Source of classification or shelving scheme | Damaged status | Not for loan | Collection code | Home library | Current library | Shelving location | Date acquired | Source of acquisition | Cost, normal purchase price | Total Checkouts | Full call number | Barcode | Date last seen | Copy number | Cost, replacement price | Price effective from | Koha item type |
|---|---|---|---|---|---|---|---|---|---|---|---|---|---|---|---|---|---|---|---|
| Dewey Decimal Classification | Political Science | Sibsagar Commerce College Central Library | Sibsagar Commerce College Central Library | General Stacks | 10/04/2026 | Kitap Ghar | 300.00 | 320.954 GOH | 29420 | 20/04/2026 | 1 | 600.00 | 20/04/2026 | Books | |||||
| Dewey Decimal Classification | Political Science | Sibsagar Commerce College Central Library | Sibsagar Commerce College Central Library | General Stacks | 10/04/2026 | Kitap Ghar | 300.00 | 320.954 GOH | 29421 | 20/04/2026 | 2 | 600.00 | 20/04/2026 | Books |
